Éléments chimiques nommés d'après des pays - Statistiques

Statistiques générales
  • Ce quiz a été pris 6 256 fois
  • Le résultat moyen est 6 sur 15
Statistiques - réponses
Réponse % Correct
Pays France
83%
Éléments Francium
80%
Pays Allemagne
64%
Éléments Polonium
63%
Pays Pologne
58%
Éléments Germanium
55%
Pays Russie
47%
Pays Japon
37%
Éléments Gallium
32%
Pays Inde
31%
Éléments Indium
28%
Éléments Nihonium
9%
Éléments Cuivre
8%
Pays Chypre
6%
Éléments Ruthénium
6%
Aucun quiz correspondant
Distribution des résultats
% des personnes avec chaque résultat
Percentile par nombre de réponses
Votre historique - résultats
Vous n’avez pas pris ce quiz